000 01725cam a22002771i 4500
003 SA-RiAUC
005 20260220132457.0
008 260219q19001999ua g 00000 ara c
040 _aSA-MaUQU
_bara
_cSA-RiAUC
_erda
082 0 4 _a260
_qSA-RiAUC
090 _aم ن 260
_bب ك ر
100 1 _aالبكري، عثمان بن محمد شطا الدمياطي،
_dتوفي بعد 1302 هجري
_eمؤلف.
245 1 0 _aكفاية الأتقياء ومنهاج الأصفياء :
_bوهو شرح على المنظومة المسماة بهداية الأذكياء إلى طريق الأولياء /
_cأبو بكر البكري. بهامشه سلالم الفضلاء على المنظومة المسماة هداية الأذكياء إلى طريق الأولياء / محمد نووي.
246 3 0 _aشرح على المنظومة المسماة بهداية الأذكياء إلى طريق الأولياء
264 1 _a[مكان النشر غير محدد] :
_b[الناشر غير محدد]،
_c[بين 1900 و1999]
264 3 _aالقاهرة :
_bمطبعة دار الكتب العربية الكبرى :
_bمطبعة عيسى البابي الحلبي
300 _a114 صفحة ؛
_c28 سم
336 _aنص
_btxt
_2rdacontent
_3كتاب
337 _aبدون وسيط
_bn
_2rdamedia
338 _aمجلد
_bnc
_2rdacarrier
650 7 _aالتصوف الإسلامي
_2aucsh
700 1 2 _iمع (عمل) :
_aالمليباري، أحمد بن عبد العزيز بن زين الدين،
_dتوفي 987 هجري
700 1 2 _iمع (عمل) :
_aنووي الجاوي، محمد بن عمر بن عربي،
_d1230-1316 هجري
942 _2ddc
_cRBOOK COPY
_n0
949 _aSA-JeALM
_d260219
_umohamedma123
_n1
999 _c14407
_d14407